| 000 | 01028nam a22003137a 4500 | ||
|---|---|---|---|
| 003 | EG-ScBUE | ||
| 005 | 20220306144209.0 | ||
| 008 | 220306s2015 ua f 000 0 ara d | ||
| 017 | _a2015 / 23490 | ||
| 020 | _a9789770282625 | ||
| 040 |
_aEG-ScBUE _bara _erda _cEG-ScBUE _dEG-ScBUE |
||
| 043 | _af-ua--- | ||
| 082 | 0 | 4 |
_222 _a305.892762 _bح س ي |
| 100 | 1 |
_aحسين، طه، _d1889-1973، _eمؤلف. |
|
| 245 | 1 | 0 |
_aمستقبل الثقافة في مصر / _cالدكتور طه حسين. |
| 250 | _aالطبعة الثالثة. | ||
| 264 | 1 |
_aالقاهرة : _bدار المعارف، _c2015. |
|
| 300 |
_a303 صفحة ؛ _c24 سم. |
||
| 336 |
_2rdacontent _aنص _btxt |
||
| 337 |
_2rdamedia _aبدون وسيط _bn |
||
| 338 |
_2rdacarrier _aمجلد _bnc |
||
| 490 | 0 | _aكتب ثقافية | |
| 541 | _aBook Fair 2022. | ||
| 650 | 7 |
_aالثقافة _zمصر. _2BUEsh |
|
| 650 | 7 |
_aالثقافة العربية. _2BUEsh |
|
| 653 |
_bGGEN _cMarch2022 |
||
| 655 |
_vReading book _934232 |
||
| 942 | _2ddc | ||
| 999 |
_c29857 _d29828 |
||